Cuore Satellite

שמור ב:
מידע ביבליוגרפי
פורמט: ספר
שפה:אנגלית
תגים: הוספת תג
אין תגיות, היה/י הראשונ/ה לתייג את הרשומה!

MARC

LEADER 00000nam a2200000 4500
001 CDOM0000005780
003 mi
005 20250720103849.0
008 250720b |||||||| |||| 00| 0 eng d
040 |c mi 
245 1 |a Cuore Satellite  
942 |2 ddc  |c BK 
952 |0 0  |1 0  |2 ddc  |4 0  |7 0  |9 7989  |a MI  |b MI  |d 2016-09-11  |i 6681  |l 0  |p CDOM6681  |r 2025-07-13 16:28:00  |w 2025-07-13  |y BK 
999 |c 6652  |d 6652